00430nam a2200157Ia 4500001000500000005001700005008004100022041000800063082001500071100002400086245010900110260000900219300002800228650000800256654000800264162820260306143742.0260306t2013||||xx |||||||||||||| ||spa|| aESP a153.6bS78 aStapert, MartaeAUT 0aFocusing con niños:bel arte de comunicarse con los niños y los adolescentes en el colegio y en casa c2013 a257 páginas :c21 cm. aGEN aCPS